书目信息 |
| 题名: |
工程文化概论
|
|
| 作者: | 邳志刚 主编 | |
| 分册: | ||
| 出版信息: | 北京 化学工业出版社 2014 |
|
| 页数: | 199页 | |
| 开本: | 24cm | |
| 丛书名: | ||
| 单 册: | ||
| 中图分类: | C43 , N43 | |
| 科图分类: | ||
| 主题词: | 社会科学--工程--文化--高等学校--教材 , 自然科学--工程--文化--高等学校--教材 , 社会科学 , 自然科学 , 工程 , 文化 | |
| 电子资源: | ||
| ISBN: | 978-7-122-21126-2 | |
| 000 | 00998nam0 2200313 45 | |
| 001 | 012001005293 | |
| 005 | 20131111161705.0 | |
| 010 | @a978-7-122-21126-2@dCNY34.00 | |
| 100 | @a20141113d2014 em y0chiy50 ea | |
| 101 | 0 | @achi |
| 102 | @aCN@b110000 | |
| 105 | @aa z 000yy | |
| 106 | @ar | |
| 200 | 1 | @a工程文化概论@9gong cheng wen hua gai lun@f邳志刚主编 |
| 210 | @a北京@c化学工业出版社@d2014 | |
| 215 | @a199页@c图@d24cm | |
| 300 | @a高等学校工程实践“十二五”规划教材 | |
| 330 | @a本书中各章内容均以大量工程案例作为实证来展现该领域的全貌,同时各章内容又共同体现文化因素在工程领域的主导作用,用隐性主线将各章内容串成有机统一的整体。 | |
| 606 | 0 | @a社会科学@x工程@x文化@x高等学校@j教材 |
| 606 | 0 | @a自然科学@x工程@x文化@x高等学校@j教材 |
| 606 | 0 | @a社会科学 |
| 606 | 0 | @a自然科学 |
| 606 | 0 | @a工程 |
| 606 | 0 | @a文化 |
| 690 | @aC43@v5 | |
| 690 | @aN43@v5 | |
| 701 | 0 | @a邳志刚@9pi zhi gang@4主编 |
| 801 | 0 | @aCN@b江苏凤凰@c20191020 |
| 905 | @b1213174-7@dC43@e416@f4 | |
| 工程文化概论/邳志刚主编.-北京:化学工业出版社,2014 |
| 199页:图;24cm |
| 高等学校工程实践“十二五”规划教材 |
| ISBN 978-7-122-21126-2:CNY34.00 |
| 本书中各章内容均以大量工程案例作为实证来展现该领域的全貌,同时各章内容又共同体现文化因素在工程领域的主导作用,用隐性主线将各章内容串成有机统一的整体。 |
| ● |
| 相关链接 |
|
|
|
|
正题名:工程文化概论
索取号:C43/416
 
预约/预借
| 序号 | 登录号 | 条形码 | 馆藏地/架位号 | 状态 | 备注 |
| 1 | 1213174 | 212131744 | 第一样本阅览室/ [索取号:C43/416] | 在馆 | |
| 2 | 1213175 | 212131753 | 教育系资料室/ [索取号:C43/416] | 在馆 | |
| 3 | 1213176 | 212131762 | 教育系资料室/ [索取号:C43/416] | 在馆 | |
| 4 | 1213177 | 212131771 | 第一借阅区/ [索取号:C43/416] | 在馆 |